000 00425nam a2200169Ia 4500
001 6362
003 IN-NITTTR
005 20251114233018.0
008 251113s9999||||xx |||||||||||||| ||eng||
040 _beng
040 _cIN-NITTTR
041 _aeng
082 _a519.1 P199P
100 _aPapoulis, Athanasios
245 0 _aProbability, random variables and stochastic processes /
_cPapoulis, Athanasios
942 _2ddc
_cBK
999 _c9000
_d9000